| 000 | 03255cam a2200445 a 4500 | ||
|---|---|---|---|
| 001 | ocn157010265 | ||
| 005 | 20250205130737.0 | ||
| 006 | m o d | ||
| 007 | cr cn||||||||| | ||
| 008 | 070727s2001 maua ob 001 0 eng d | ||
| 020 |
_a9780080523385 _q(electronic) |
||
| 020 |
_a0080523382 _q(electronic) |
||
| 020 | _a9780750653985 | ||
| 020 | _a0750653981 | ||
| 020 |
_z0750653965 _q(v. 1 ; _qalk. paper) |
||
| 020 |
_z0750653973 _q(v. 2 ; _qalk. paper) |
||
| 040 |
_aKO _beng |
||
| 041 | 0 | _aeng | |
| 082 | 0 | 4 |
_a623.81 _222 |
| 100 | 1 | _aRawson, K. J. | |
| 245 | 1 | 0 |
_aBasic ship theory / _cK.J. Rawson, E.C. Tupper. |
| 250 | _a5th ed. | ||
| 260 |
_aBoston : _bButterworth-Heinemann, _c�2001. |
||
| 300 |
_a1 online resource (xxviii, 727 pages) : _billustrations : digital, HTML and PDF files |
||
| 338 | _aonline resource | ||
| 504 | _aIncludes bibliographical references (pages 705-708) and index. | ||
| 505 | 0 | _aCONTENTS OF VOLUME 1: Foreword; Acknowledgements; Introduction; Symbols and Nomenclature; Art or Science?; Some tools; Flotation and Trim; Stability; Hazards and Protection; The Ship Girder; Structural Design and Analysis; Launching and Docking; The Ship Environment and Human Factors; Answers to problems; Index. -- CONTENTS OF VOLUME 2: Acknowledgements; Introduction; Symbols and Nomenclature; Powering of Ships: general principles; Powering of Ships: application; Seakeeping; Manoevrability; Major Ship Design Features; Ship Design; Particular Ship Types; Fishing Vehicles; Yachts; Answers to problems; Index. | |
| 505 | 1 | _av. 2. Ship dynamics and design. | |
| 520 | _aRawson and Tupper's Basic Ship Theory, first published in 1968, is widely known as the standard introductory text for naval architecture students, as well as being a useful reference for the more experienced designer. The fifth edition continues to provide a balance between theory and practice. Volume 1 discusses ship geometry and measurement in its more basic concepts, also covering safety issues, structural strength, flotation, trim and stability. Volume 2 expands on the material in Volume 1, covering the dynamics behaviour of marine vehicles, hydrodynamics, manoeuvrability and seakeeping. It concludes with some case studies of particular ship types and a discussion of maritime design. Both volumes feature the importance of considering the environment in design. Basic Ship Theory is an essential tool for undergraduates and national vocational students of naval architecture, maritime studies, ocean and offshore engineering, and this combined hardback version will be of great assistance to practising marine engineers and naval architects. Brand new edition of the leading undergraduate textbook in Naval Architecture. Provides a basis for more advanced theory. Over 500 examples, with answers. | ||
| 650 | 0 | _aNaval architecture. | |
| 650 | 7 |
_aTRANSPORTATION _xShips & Shipbuilding _xPictorial. _2bisacsh |
|
| 650 | 7 |
_aTECHNOLOGY & ENGINEERING _xMarine & Naval. _2bisacsh |
|
| 650 | 7 |
_aNaval architecture. _2fast _0(OCoLC)fst01034917 |
|
| 700 | 1 | _aTupper, E. C. | |
| 856 | _uhttps://www.sciencedirect.com/science/book/9780750653985 | ||
| 904 | _aRUDRA_R | ||
| 905 | _aR_RANJAN | ||
| 942 |
_2ddc _cEB |
||
| 999 |
_c3328 _d3328 |
||